| 000 | 01812nam a2200433 a 4500 | ||
|---|---|---|---|
| 999 |
_c529511 _d529511 |
||
| 001 | 4803881 | ||
| 003 | NUST | ||
| 005 | 20190927094702.0 | ||
| 008 | 880315s1988 dcua b f000 0 eng d | ||
| 010 | _a 88050292 | ||
| 020 | _a0309044243 | ||
| 035 | _a(OCoLC)19102013 | ||
| 038 | _aMSOHAIL | ||
| 040 |
_aDNAS-NAE _cDLC _dDLC |
||
| 042 | _alccopycat | ||
| 050 | 0 | 4 |
_aHE336.P43 _bZ44 1988 |
| 082 | _a0 | ||
| 100 | 1 |
_aZegeer, Charles V. _921521 |
|
| 245 | 1 | 0 |
_aPedestrians and traffic control measures / _cCharles V. Zegeer, Sharon F. Zegeer ; topic panel, Janet A. Coleman ... [et al.]. |
| 260 |
_aWashington, D.C. : _bTransportation Research Board, National Research Council, _c[1988] |
||
| 300 |
_a76 p. : _bill. ; _c28 cm. |
||
| 440 | 0 |
_aSynthesis of highway practice, _x0547-5570 ; _v139 _921710 |
|
| 500 | _a"Research sponsored by the American Association of State Highway and Transportation Officials in cooperation with the Federal Highway Administration." | ||
| 500 | _aAt head of title: National Cooperative Highway Research Program. | ||
| 500 | _a"November 1988." | ||
| 504 | _aBibliography: p. 61-62. | ||
| 650 | 0 |
_aPedestrians. _921711 |
|
| 650 | 0 |
_aPedestrian safety. _921712 |
|
| 650 | 0 |
_aTraffic safety. _919675 |
|
| 650 | 0 |
_aTraffic regulations. _920756 |
|
| 700 | 1 |
_aZegeer, Sharon F. _921713 |
|
| 710 | 2 |
_aNational Research Council (U.S.). _bTransportation Research Board. _919676 |
|
| 710 | 2 |
_aAmerican Association of State Highway and Transportation Officials. _919553 |
|
| 710 | 1 |
_aUnited States. _bFederal Highway Administration. _920149 |
|
| 710 | 2 |
_aNational Cooperative Highway Research Program. _920864 |
|
| 906 |
_a7 _bcbc _ccopycat _d3 _eocip _f19 _gy-gencatlg |
||
| 942 |
_2ddc _cBK |
||